| 000 | 00517cam a22001457a 4500 | ||
|---|---|---|---|
| 008 | 180718b1998 xxu||||| |||| 00| 0 eng d | ||
| 020 | _a91113270385 | ||
| 082 | _aA99 D537 | ||
| 100 | _aDhillon, Gurbakhsh | ||
| 245 |
_aFrom my bones: memoirs of Col. Gurbakhsh Singh Dhillon of the Indian National Army (including 1945 Red Fort trail) _cby Gurbakhsh Singh Dhillon |
||
| 260 |
_aNew Delhi _bAryan Books _c1998 |
||
| 300 | _a598p. | ||
| 650 | _aIndian National Army | ||
| 650 | _aDhillon, Gurbakhsh Singh - Autobiography | ||
| 999 |
_c390426 _d390426 |
||